[Event "3. Nanjing Pearl Spring 2010"]
[Site "Nanjing CHN"]
[Date "2010.10.20"]
[Round "1.3"]
[White "Topalov, Veselin"]
[Black "Gashimov, Vugar"]
[Result "1/2-1/2"]
[WhiteElo "2803"]
[BlackElo "2719"]
[PlyCount "109"]
[EventDate "2010.10.20"]
[EventType "tourn"]
[EventRounds "10"]
[EventCountry "CHN"]
[EventCategory "21"]
[Source "lmi"]
[SourceDate "2010.10.20"]

1. d4 d5 2. c4 c6 3. Nf3 Nf6 4. Nc3 dxc4 5. a4 e6 6. e3 c5 7. Bxc4 cxd4 8. Qxd4
Qxd4 9. Nxd4 a6 10. e4 Bc5 11. Nb3 Bb4 12. f3 Nc6 13. Be3 Bd7 14. Kf2 Rc8 15.
Be2 Na5 16. Nxa5 Bxa5 17. g4 Bc6 18. Rhd1 Bc7 19. h4 Be5 20. Rac1 O-O 21. b3
Rfd8 22. Rxd8+ Rxd8 23. Nb1 Be8 24. Rc2 Nd7 25. Nd2 Bd6 26. f4 e5 27. f5 Kf8
28. g5 f6 29. h5 fxg5 30. Bxg5 Be7 31. Bxe7+ Kxe7 32. Ke3 h6 33. Rc7 Rb8 34. a5
Kd8 35. Rc1 Ke7 36. Rg1 Kf8 37. Nc4 Bf7 38. b4 Rc8 39. Nd6 Rc7 40. Nxf7 Kxf7
41. Rb1 Ke7 42. Rg1 Kf7 43. Rd1 Rc3+ 44. Rd3 Rxd3+ 45. Kxd3 Ke7 46. Kc4 Kd6 47.
b5 axb5+ 48. Kxb5 Kc7 49. Bf3 Kd6 50. Bd1 Kc7 51. Bc2 Kd6 52. Bb1 Kc7 53. Bc2
Kd6 54. Bb1 Kc7 55. Bc2 1/2-1/2

[Event "3. Nanjing Pearl Spring 2010"]
[Site "Nanjing CHN"]
[Date "2010.10.26"]
[Round "6.3"]
[White "Gashimov, Vugar"]
[Black "Topalov, Veselin"]
[Result "1/2-1/2"]
[WhiteElo "2719"]
[BlackElo "2803"]
[PlyCount "86"]
[EventDate "2010.10.20"]
[EventType "tourn"]
[EventRounds "10"]
[EventCountry "CHN"]
[EventCategory "21"]
[Source "lmi"]
[SourceDate "2010.10.20"]

1. e4 c6 2. d4 d5 3. exd5 cxd5 4. c4 Nf6 5. Nc3 g6 6. Qb3 e6 7. cxd5 Nxd5 8.
Nf3 Nc6 9. Bg5 f6 10. Bd2 Bg7 11. Bd3 O-O 12. O-O Nce7 13. Rfe1 b6 14. Re2 Kh8
15. Rae1 a6 16. h4 Ra7 17. Bb1 Rc7 18. Nxd5 Nxd5 19. h5 gxh5 20. Qd3 f5 21. Ng5
Nf6 22. Qg3 Ng4 23. Bf4 Rc4 24. Nf3 Bb7 25. Bg5 Bf6 26. Bxf6+ Rxf6 27. Ng5 Bd5
28. f3 Qg8 29. Nxe6 Bxe6 30. fxg4 Qxg4 31. Qe5 Kg7 32. Rd2 Bf7 33. Rf1 f4 34.
d5 Rc8 35. Rdf2 Re8 36. Qxf6+ Kxf6 37. Rxf4+ Qxf4 38. Rxf4+ Kg7 39. d6 Rd8 40.
Rd4 Kf6 41. Rf4+ Kg7 42. Rd4 Kf6 43. Rf4+ Kg7 1/2-1/2

[Event "3. Nanjing Pearl Spring 2010"]
[Site "Nanjing CHN"]
[Date "2010.10.27"]
[Round "7.1"]
[White "Gashimov, Vugar"]
[Black "Wang, Yue"]
[Result "1/2-1/2"]
[WhiteElo "2719"]
[BlackElo "2732"]
[PlyCount "133"]
[EventDate "2010.10.20"]
[EventType "tourn"]
[EventRounds "10"]
[EventCountry "CHN"]
[EventCategory "21"]
[Source "lmi"]
[SourceDate "2010.10.20"]

1. e4 e5 2. Nf3 Nf6 3. Nxe5 d6 4. Nf3 Nxe4 5. d4 d5 6. Bd3 Be7 7. O-O Nc6 8. c4
Nb4 9. Be2 O-O 10. Nc3 Bf5 11. a3 Nxc3 12. bxc3 Nc6 13. Re1 Re8 14. cxd5 Qxd5
15. Bf4 Rac8 16. g3 Bf6 17. Nd2 Qd7 18. Nc4 Bh3 19. Qd3 g5 20. Be3 Qd5 21. Bf1
Bxf1 22. Qxf1 Ne7 23. Rab1 Nf5 24. a4 a6 25. Qd3 b5 26. Na3 c6 27. Nc2 Qf3 28.
Qd1 Qxd1 29. Rexd1 Nd6 30. Bd2 Kg7 31. Nb4 bxa4 32. Nd3 a3 33. Rb4 Ne4 34. Ra4
c5 35. Nxc5 Nxc5 36. dxc5 Red8 37. Rxa3 Rc6 38. Ra2 Rxc5 39. Rxa6 Rcd5 40. Ra2
Kg6 41. c4 Rd4 42. Rc2 Be7 43. Kf1 Bc5 44. Ke2 Re8+ 45. Be3 Rxd1 46. Kxd1 Bxe3
47. fxe3 Rxe3 48. c5 Kf6 49. Kd2 Ra3 50. c6 Ra8 51. Ke3 Ke5 52. Kf3 h5 53. Rc5+
Kd6 54. Rxg5 h4 55. gxh4 Kxc6 56. Rf5 Kd6 57. Rxf7 Ke6 58. Rf4 Ke7 59. Kg4 Rf8
60. Ra4 Kf6 61. h5 Kg7 62. Kg5 Rf7 63. Rf4 Rxf4 64. Kxf4 Kh6 65. h4 Kxh5 66.
Kf5 Kxh4 67. Ke4 1/2-1/2

[Event "3. Nanjing Pearl Spring 2010"]
[Site "Nanjing CHN"]
[Date "2010.10.28"]
[Round "8.1"]
[White "Anand, Viswanathan"]
[Black "Topalov, Veselin"]
[Result "1/2-1/2"]
[WhiteElo "2800"]
[BlackElo "2803"]
[PlyCount "61"]
[EventDate "2010.10.20"]
[EventType "tourn"]
[EventRounds "10"]
[EventCountry "CHN"]
[EventCategory "21"]
[Source "lmi"]
[SourceDate "2010.10.20"]

1. d4 Nf6 2. c4 e6 3. Nf3 d5 4. g3 Bb4+ 5. Bd2 Be7 6. Bg2 O-O 7. O-O c6 8. Qc2
b6 9. Rd1 Nbd7 10. Bf4 Ba6 11. cxd5 cxd5 12. Ne5 Nxe5 13. dxe5 Rc8 14. Nc3 Ng4
15. h3 Nxf2 16. Kxf2 Bc5+ 17. Be3 Bxe3+ 18. Kxe3 b5 19. Qd3 Rc4 20. Nxd5 exd5
21. Bxd5 Qg5+ 22. Kf2 Qxe5 23. Bxc4 bxc4 24. Qd6 Qf5+ 25. Ke1 Qxh3 26. Qxa6
Qxg3+ 27. Kd2 Qf4+ 28. Kc2 Qe4+ 29. Kc1 Qe3+ 30. Kb1 Qe4+ 31. Kc1 1/2-1/2